|
|
|
|
| LEADER |
01791cas a2200241 a 4500 |
| 001 |
AALejournalIMF000261 |
| 008 |
230101c9999 xx r poo 0 0eng d |
| 020 |
|
|
|c 5.00 USD
|
| 020 |
|
|
|z 9781451851250
|
| 022 |
|
|
|a 1018-5941
|
| 040 |
|
|
|a BD-DhAAL
|c BD-DhAAL
|
| 100 |
1 |
|
|a Artis, Michael.
|
| 245 |
1 |
0 |
|a How Accurate Are the Imf's Short-Term Forecasts? :
|b Another Examination of the World Economic Outlook /
|c Michael Artis.
|
| 264 |
|
1 |
|a Washington, D.C. :
|b International Monetary Fund,
|c 1996.
|
| 300 |
|
|
|a 1 online resource (94 pages)
|
| 490 |
1 |
|
|a IMF Working Papers
|
| 500 |
|
|
|a <strong>Off-Campus Access:</strong> No User ID or Password Required
|
| 500 |
|
|
|a <strong>On-Campus Access:</strong> No User ID or Password Required
|
| 506 |
|
|
|a Electronic access restricted to authorized BRAC University faculty, staff and students
|
| 520 |
3 |
|
|a This paper analyzes the short-term forecasts for industrial and developing countries produced by the International Monetary Fund, and published twice a year in the World Economic Outlook (WEO). For the industrial country group, the WEO forecasts for output growth and inflation are satisfactory and pass most conventional tests in forecasting economic developments, although forecast accuracy has not improved over time, and predicting the turning points of the business cycle remains a weakness. For the developing countries, the task of forecasting movements in economic activity is even more difficult and the conventional measures of forecast accuracy are less satisfactory than for the industrial countries.
|
| 538 |
|
|
|a Mode of access: Internet
|
| 830 |
|
0 |
|a IMF Working Papers; Working Paper ;
|v No. 1996/089
|
| 856 |
4 |
0 |
|z Full text available on IMF
|u http://elibrary.imf.org/view/journals/001/1996/089/001.1996.issue-089-en.xml
|z IMF e-Library
|